[Event "Tournament 14471 - Europe Echecs"]
[Site "Europe Echecs"]
[Date "2020.07.09"]
[Round "5"]
[Time "16:05:20"]
[PlyCount "63"]
[White "DelGiovaneFabi"]
[Black "SchippkeManon"]
[WhiteElo "1629"]
[BlackElo "1873"]
[Mode "WEB"]
[Result "0-1"]

1. e4 c5 2. Nf3 d6 3. Bb5+ Nd7 4. d4 a6 5. Bxd7+ Bxd7 6. O-O cxd4 7. Qxd4 h6 8.
Nc3 Nf6 9. Nd5 e5 10. Nxf6+ Qxf6 11. Qd3 Be7 12. Be3 O-O 13. a4 Qg6 14. Ne1 Kh8
15. c4 f5 16. f3 fxe4 17. fxe4 Bc6 18. Nf3 Bxe4 19. Qe2 Bd3 20. Qd2 Bxf1 21.
Rxf1 e4 22. Nd4 Rxf1+ 23. Kxf1 Rf8+ 24. Kg1 Qf7 25. Qe2 d5 26. cxd5 Qxd5 27. h4
Bc5 28. Nc2 Qd3 29. Qxd3 exd3 30. Bxc5 dxc2 31. Be3 Rd8 {DelGiovaneFabi a abandonné} 0-1

[Event "Tournament 14471 - Europe Echecs"]
[Site "Europe Echecs"]
[Date "2020.07.09"]
[Round "5"]
[Time "16:05:20"]
[PlyCount "69"]
[White "DeshaiesClemen"]
[Black "KuhnClement"]
[WhiteElo "1600"]
[BlackElo "2150"]
[Mode "WEB"]
[Result "0-1"]

1. e4 c5 2. Nf3 d6 3. d4 cxd4 4. Nxd4 Nf6 5. Nc3 a6 6. Bc4 e6 7. Bb3 Be7 8. Be3
O-O 9. O-O Nbd7 10. Bxe6 fxe6 11. Nxe6 Qa5 12. Nxf8 Bxf8 13. Bf4 Ne5 14. f3 Be6
15. Kh1 Nc4 16. Rb1 Rd8 17. Ne2 d5 18. e5 Nd7 19. Bg5 Re8 20. f4 Ne3 21. Qd4
Nxf1 22. Rxf1 g6 23. f5 gxf5 24. Nf4 Qc5 25. Qxc5 Bxc5 26. Nxe6 Rxe6 27. Rxf5
Rxe5 28. Rxe5 Nxe5 29. Bf4 Ng4 30. h3 Ne3 31. c3 Nd1 32. Bc1 Nf2+ 33. Kh2 Nd3
34. Bd2 Nxb2 {DeshaiesClemen a perdu au temps} 0-1

[Event "Tournament 14471 - Europe Echecs"]
[Site "Europe Echecs"]
[Date "2020.07.09"]
[Round "5"]
[Time "16:05:20"]
[PlyCount "77"]
[White "CiarlettaUlyss"]
[Black "VanDenBrandeNo"]
[WhiteElo "1599"]
[BlackElo "1931"]
[Mode "WEB"]
[Result "0-1"]

1. d4 Nf6 2. c4 c5 3. d5 b5 4. cxb5 a6 5. bxa6 g6 6. Nc3 Bg7 7. e4 O-O 8. Nf3
Qa5 9. a7 Rxa7 10. Bd3 Nxd5 11. exd5 Bxc3+ 12. Bd2 Bxd2+ 13. Qxd2 Qxd2+ 14. Kxd2
Na6 15. Rhc1 d6 16. a4 Nb4 17. Bb5 Nxd5 18. a5 Ba6 19. Bc6 Nb4 20. Be4 Bb5 21.
h4 f5 22. Bb1 Rfa8 23. h5 Rxa5 24. Rxa5 Rxa5 25. hxg6 hxg6 26. Nh4 Kg7 27. Re1
Nc6 28. g4 Ra4 29. f4 Rxf4 30. Re6 Rxg4 31. Nf3 Bc4 32. Re3 e5 33. Ra3 Rg2+ 34.
Kc3 Bd5 35. Nh4 Rg3+ 36. Kd2 Rg4 37. Rd3 Nd4 38. Rh3 Rxh4 {CiarlettaUlyss a abandonné} 0-1

[Event "Tournament 14471 - Europe Echecs"]
[Site "Europe Echecs"]
[Date "2020.07.09"]
[Round "5"]
[Time "16:05:20"]
[PlyCount "77"]
[White "VasselinLouis"]
[Black "BreuilTristan"]
[WhiteElo "1590"]
[BlackElo "1898"]
[Mode "WEB"]
[Result "0-1"]

1. e4 Nf6 2. e5 Nd5 3. Nf3 d6 4. exd6 cxd6 5. d4 g6 6. c4 Nb6 7. Nc3 Bg7 8. Be2
O-O 9. O-O Nc6 10. Bf4 Bg4 11. h3 Bxf3 12. Bxf3 Nxc4 13. Qb3 N4a5 14. Qb5 Nxd4
15. Qd5 Nxf3+ 16. Qxf3 Rc8 17. Nd5 e6 18. Ne3 d5 19. Rab1 Nc4 20. Ng4 e5 21.
Nh6+ Kh8 22. Bc1 f5 23. b3 e4 24. Qg3 Ne5 25. Bg5 Qb6 26. Rbc1 Nd3 27. Rxc8 Rxc8
28. Nf7+ Kg8 29. Nh6+ Bxh6 30. Bxh6 Qc7 31. Qh4 Qd8 32. Bg5 Qd7 33. Bf6 Qf7 34.
Bd4 b6 35. Qg3 Qc7 36. Qg5 Qd6 37. h4 Nf4 38. Qg3 Ne2+ {VasselinLouis a abandonné} 0-1

[Event "Tournament 14471 - Europe Echecs"]
[Site "Europe Echecs"]
[Date "2020.07.09"]
[Round "5"]
[Time "16:05:20"]
[PlyCount "109"]
[White "LecciaThomas"]
[Black "MarcheNael"]
[WhiteElo "1893"]
[BlackElo "1566"]
[Mode "WEB"]
[Result "0-1"]

1. e4 c5 2. Nf3 d6 3. d4 cxd4 4. Qxd4 Nc6 5. Qe3 Nf6 6. Be2 e6 7. c4 Be7 8. O-O
O-O 9. Nc3 a6 10. Rd1 Qc7 11. b3 Ng4 12. Qd2 Qb6 13. Bf1 Nce5 14. Nxe5 Nxe5 15.
Bb2 Rd8 16. Na4 Qc7 17. Rac1 Bd7 18. Nc3 Rac8 19. Qd4 Bc6 20. f4 Ng6 21. Nd5 e5
22. fxe5 dxe5 23. Nxc7 exd4 24. Nd5 Bg5 25. Rc2 Bxd5 26. exd5 Rxd5 27. cxd5 Rxc2
28. Bxd4 Rxa2 29. Bb6 Ne5 30. d6 Nd7 31. Bc7 h6 32. Bc4 Bf6 33. Bd5 Rc2 34. Bxb7
a5 35. Bc8 Nf8 36. Bf5 Rc5 37. Bh3 g6 38. Bb6 Rb5 39. Be3 Kg7 40. d7 Rb8 41. Bf4
Ra8 42. Bc7 Bd8 43. Be5+ f6 44. Bd6 Ra6 45. Bc5 Rc6 46. Rd5 f5 47. Bd4+ Kf7 48.
g4 fxg4 49. Bxg4 h5 50. Bh3 Ne6 51. Be5 Ng5 52. Bg2 Ke6 53. Rd6+ Rxd6 54. Bxd6
Kxd6 {LecciaThomas a perdu au temps} 0-1

[Event "Tournament 14471 - Europe Echecs"]
[Site "Europe Echecs"]
[Date "2020.07.09"]
[Round "5"]
[Time "16:05:20"]
[PlyCount "93"]
[White "PaiLiuPaul"]
[Black "FischlerOscar"]
[WhiteElo "1560"]
[BlackElo "1864"]
[Mode "WEB"]
[Result "0-1"]

1. e4 g6 2. d4 Bg7 3. Nc3 d6 4. f4 a6 5. Nf3 b5 6. Bd3 Nd7 7. O-O Bb7 8. Be3 c5
9. e5 Nh6 10. e6 fxe6 11. Ng5 Nf8 12. Nxb5 Nf5 13. Bxf5 exf5 14. Nc3 h6 15. Nf3
Ne6 16. dxc5 Nxc5 17. Bd4 O-O 18. Bxg7 Kxg7 19. Qd4+ Kh7 20. Rfe1 Ne4 21. Nxe4
fxe4 22. Rxe4 Bxe4 23. Qxe4 Rf6 24. Re1 Ra7 25. g4 Qb6+ 26. Kg2 Qxb2 27. g5 Rf5
28. Nh4 d5 29. Qd3 Rc7 30. Re2 Qb5 31. Nxf5 Qxd3 32. cxd3 gxf5 33. gxh6 Kxh6 34.
Re6+ Kh5 35. Rxa6 Kg4 36. Rg6+ Kxf4 37. Ra6 Rc2+ 38. Kg1 e5 39. Ra4+ Kf3 40. h4
e4 41. dxe4 dxe4 42. h5 e3 43. Ra3 Rc1+ 44. Kh2 Kf2 45. h6 e2 46. h7 e1=Q {PaiLiuPaul a abandonné} 0-1

[Event "Tournament 14471 - Europe Echecs"]
[Site "Europe Echecs"]
[Date "2020.07.09"]
[Round "5"]
[Time "16:05:20"]
[PlyCount "62"]
[White "ValleeLouis"]
[Black "PousAntoine"]
[WhiteElo "1864"]
[BlackElo "1554"]
[Mode "WEB"]
[Result "1-0"]

1. d4 d5 2. c4 dxc4 3. e4 Nf6 4. e5 Nd5 5. Bxc4 Bf5 6. Nc3 e6 7. Nf3 Nc6 8. O-O
Be7 9. Bxd5 exd5 10. Qb3 Be4 11. Qxb7 Nb4 12. Qb5+ c6 13. Qe2 Bd3 14. Qd1 Bxf1
15. Qxf1 O-O 16. a3 Na6 17. Qxa6 Qd7 18. Be3 f6 19. b4 Rab8 20. Rc1 Rb6 21. Qd3
Qe6 22. Na4 Rbb8 23. Nc5 Bxc5 24. Rxc5 fxe5 25. Nxe5 Rbc8 26. Qa6 Rc7 27. Rxc6
Rfc8 28. Rxe6 Rc1+ 29. Bxc1 Rxc1+ 30. Qf1 Rxf1+ 31. Kxf1 {PousAntoine a abandonné} 1-0

[Event "Tournament 14471 - Europe Echecs"]
[Site "Europe Echecs"]
[Date "2020.07.09"]
[Round "5"]
[Time "16:05:20"]
[PlyCount "39"]
[White "PerardJouaultE"]
[Black "MichelDeletieO"]
[WhiteElo "1791"]
[BlackElo "1558"]
[Mode "WEB"]
[Result "0-1"]

1. d4 Nf6 2. c4 e5 3. dxe5 Ng4 4. Nf3 Nc6 5. e3 Ngxe5 6. Be2 Bc5 7. O-O O-O 8.
a3 a5 9. Nxe5 Nxe5 10. Nc3 Ra6 11. b3 Qh4 12. e4 d5 13. cxd5 Ng4 14. Bxg4 Bxg4
15. Qd3 Bd6 16. f4 Be7 17. Qg3 Bc5+ 18. Kh1 Qxg3 19. hxg3 Rh6# {PerardJouaultE est échec et mat} 0-1

[Event "Tournament 14471 - Europe Echecs"]
[Site "Europe Echecs"]
[Date "2020.07.09"]
[Round "5"]
[Time "16:05:20"]
[PlyCount "104"]
[White "DelestreAnatol"]
[Black "DincovIoan"]
[WhiteElo "1768"]
[BlackElo "1549"]
[Mode "WEB"]
[Result "1-0"]

1. d4 e5 2. dxe5 Nc6 3. e4 Nxe5 4. f4 Ng6 5. Nf3 b6 6. Nc3 Bb7 7. Be3 Bb4 8. f5
N6e7 9. Qd4 Bxc3+ 10. bxc3 Nf6 11. Bd3 O-O 12. e5 Nc6 13. Qh4 Nd5 14. f6 g6 15.
Qh6 Nxf6 16. exf6 Qxf6 17. Ng5 Qxc3+ 18. Ke2 Qg7 19. Qxg7+ Kxg7 20. Rhf1 Rae8
21. Kd2 f5 22. Rae1 Ne5 23. Bd4 d6 24. Nf3 Kg8 25. Nxe5 dxe5 26. Bc4+ Kg7 27.
Bxe5+ Kh6 28. Bf4+ Kg7 29. Bxc7 Rc8 30. Be5+ Kh6 31. Bb3 Rfd8+ 32. Kc1 Bxg2 33.
Rg1 Be4 34. Bf6 Rf8 35. Bb2 a5 36. Rgf1 b5 37. Kb1 a4 38. Bc1+ Kg7 39. Be6 Rxc2
40. Rxe4 fxe4 41. Rxf8 Rc6 42. Re8 b4 43. Bb2+ Kh6 44. Bd5 Rd6 45. Bxe4 a3 46.
Bc1+ Kh5 47. Re5+ Kg4 48. Bc2 h5 49. Re4+ Kf5 50. Rd4+ Ke6 51. Rxd6+ Kxd6 52.
Bxg6 {DincovIoan a abandonné} 1-0

[Event "Tournament 14471 - Europe Echecs"]
[Site "Europe Echecs"]
[Date "2020.07.09"]
[Round "5"]
[Time "16:05:20"]
[PlyCount "134"]
[White "VuDinhAdrien"]
[Black "TaharountIlyan"]
[WhiteElo "1740"]
[BlackElo "1547"]
[Mode "WEB"]
[Result "1-0"]

1. e4 e5 2. Nf3 Nc6 3. Bc4 Bc5 4. O-O d6 5. c3 Bg4 6. Be2 Nf6 7. d4 exd4 8. cxd4
Bxf3 9. dxc5 Bxe2 10. Qxe2 Nd4 11. Qd3 dxc5 12. Nc3 O-O 13. Bg5 Qd6 14. Rfe1 Ng4
15. g3 h6 16. Bf4 Qf6 17. Nd5 Qg6 18. Ne7+ Kh7 19. Nxg6 fxg6 20. Qd1 h5 21. Rc1
b6 22. h3 Nf6 23. Be5 Rad8 24. Bxd4 Rxd4 25. Qe2 Nxe4 26. Qxe4 Rxe4 27. Rxe4 Rd8
28. Re7 Rd2 29. Rxc7 Rxb2 30. Re1 Rxa2 31. Ree7 g5 32. Rxg7+ Kh6 33. Rgd7 g4 34.
h4 Kg6 35. Rxa7 Rb2 36. Rd6+ Kf5 37. Rd5+ Ke4 38. Rxh5 Kf3 39. Rf7+ Ke4 40. Rg5
c4 41. Rxg4+ Kd3 42. Rd7+ Kc3 43. h5 Kb3 44. h6 c3 45. h7 c2 46. Rc7 Rb1+ 47.
Kg2 c1=Q 48. Rxc1 Rxc1 49. h8=Q b5 50. Qh4 Rc4 51. Rxc4 bxc4 52. g4 c3 53. g5 c2
54. Qf4 Kb2 55. g6 c1=Q 56. Qxc1+ Kxc1 57. g7 Kd2 58. g8=Q Kc2 59. Qe8 Kc3 60.
Qd8 Kc2 61. f4 Kc3 62. f5 Kc4 63. f6 Kc5 64. f7 Kc4 65. f8=Q Kc3 66. Qfe7 Kc4
67. Qec7+ {TaharountIlyan a abandonné} 1-0

[Event "Tournament 14471 - Europe Echecs"]
[Site "Europe Echecs"]
[Date "2020.07.09"]
[Round "5"]
[Time "16:05:20"]
[PlyCount "116"]
[White "GrondinMarine"]
[Black "GardeGuillaume"]
[WhiteElo "1533"]
[BlackElo "1716"]
[Mode "WEB"]
[Result "1-0"]

1. e4 e6 2. d4 d5 3. exd5 exd5 4. Bd3 Nc6 5. c3 Bd6 6. Nf3 Nge7 7. h3 Bf5 8. Be3
Bxd3 9. Qxd3 Qd7 10. Nbd2 O-O 11. O-O Qf5 12. Qxf5 Nxf5 13. Rfe1 Nxe3 14. Rxe3
Rfe8 15. Rae1 Kf8 16. Kf1 Rxe3 17. Rxe3 Re8 18. Ke2 Rxe3+ 19. Kxe3 Ke7 20. g3 f6
21. Kd3 Ke6 22. Nf1 Ne7 23. Ne3 Nf5 24. Nxf5 Kxf5 25. Nh4+ Ke6 26. f4 g5 27.
fxg5 fxg5 28. Nf3 Kf5 29. g4+ Kf4 30. Ke2 h6 31. Kf2 Ke4 32. Ke2 Bf4 33. Ne1 b6
34. Nd3 Bd6 35. a3 a5 36. b4 axb4 37. axb4 Bg3 38. Nc1 Bd6 39. Nd3 c6 40. Nc1
Kf4 41. Kf2 Ke4 42. Ke2 c5 43. dxc5 bxc5 44. Nd3 c4 45. Nb2 Be5 46. Na4 Bc7 47.
b5 Ke5 48. b6 Bb8 49. Nc5 Kd6 50. Na6 Kc6 51. Nxb8+ Kxb6 52. Nd7+ Kc6 53. Nf6
Kc5 54. Ng8 d4 55. Kd2 d3 56. Nxh6 Kd5 57. Nf5 Ke5 58. Ne3 {GardeGuillaume a abandonné} 1-0

[Event "Tournament 14471 - Europe Echecs"]
[Site "Europe Echecs"]
[Date "2020.07.09"]
[Round "5"]
[Time "16:05:20"]
[PlyCount "37"]
[White "MoraisThomas"]
[Black "KienLancelot"]
[WhiteElo "1710"]
[BlackElo "1528"]
[Mode "WEB"]
[Result "1-0"]

1. e4 e5 2. f4 f6 3. fxe5 Qe7 4. Nc3 fxe5 5. Nf3 Nf6 6. Bc4 Nc6 7. d3 Qd8 8. Bg5
Bb4 9. O-O d6 10. Nd5 Bc5+ 11. Kh1 Bg4 12. h3 Bh5 13. g4 Bg6 14. Nh4 Na5 15.
Nxf6+ gxf6 16. Bxf6 Qd7 17. Bxh8 O-O-O 18. Bf6 Rf8 {KienLancelot a abandonné} 1-0

[Event "Tournament 14471 - Europe Echecs"]
[Site "Europe Echecs"]
[Date "2020.07.09"]
[Round "5"]
[Time "16:05:20"]
[PlyCount "90"]
[White "NajaryanArtur"]
[Black "DameAxel"]
[WhiteElo "1526"]
[BlackElo "1709"]
[Mode "WEB"]
[Result "1-0"]

1. e4 c5 2. d4 cxd4 3. c3 g6 4. cxd4 Bg7 5. Nc3 d6 6. Nf3 Nf6 7. Bc4 O-O 8. Qe2
Nc6 9. d5 Na5 10. Bd3 b6 11. O-O Nb7 12. Nd4 Bd7 13. Be3 Nc5 14. f3 Nxd3 15.
Qxd3 Rc8 16. Rac1 Rc7 17. Ncb5 Bxb5 18. Nxb5 Rxc1 19. Rxc1 Qb8 20. Qa3 Rc8 21.
Rc6 Rxc6 22. dxc6 Ne8 23. Qxa7 Qxa7 24. Nxa7 Bxb2 25. Bxb6 Kg7 26. a4 Kf6 27.
Nb5 Ke6 28. a5 d5 29. a6 Nd6 30. Nc7+ Ke5 31. a7 Nc4 32. Nxd5 Nxb6 33. Nxb6 Bd4+
34. Kf1 Bxb6 35. a8=Q e6 36. Qb8+ Kf6 37. Qxb6 Kg7 38. c7 Kf6 39. c8=Q Kg5 40.
Qbd8+ Kh6 41. Qf8+ Kg5 42. Qcd8+ Kf4 43. Qxf7+ Ke3 44. Qa7+ Kf4 45. Qf6# {DameAxel est échec et mat} 1-0

[Event "Tournament 14471 - Europe Echecs"]
[Site "Europe Echecs"]
[Date "2020.07.09"]
[Round "5"]
[Time "16:05:20"]
[PlyCount "162"]
[White "GuliyevTofig"]
[Black "DaudeAlexandre"]
[WhiteElo "1699"]
[BlackElo "1518"]
[Mode "WEB"]
[Result "1-0"]

1. d4 e6 2. c4 c5 3. d5 exd5 4. cxd5 d6 5. Nc3 Nf6 6. e4 g6 7. Bd3 Bg7 8. Nge2
Bg4 9. O-O Bxe2 10. Qxe2 O-O 11. Be3 Nbd7 12. Rae1 a6 13. a4 Ne5 14. Bb1 Rb8 15.
h3 Qa5 16. f4 Ned7 17. g4 b5 18. axb5 axb5 19. Kh2 b4 20. Nd1 Nxe4 21. Bxe4 Nf6
22. Bg2 Rfe8 23. Nf2 Qa2 24. Rd1 Qb3 25. Rd3 Qc4 26. Rc1 Qb5 27. Rd2 Qd7 28. Qd3
Re7 29. g5 Nh5 30. Bf3 Rbe8 31. Ne4 f5 32. Nf6+ Nxf6 33. Bf2 Ne4 34. Re2 Nxf2
35. Rxf2 Bd4 36. Re2 Re3 37. Rxe3 Rxe3 38. Qf1 Bxb2 39. Rc2 Bc3 40. Ra2 Re1 41.
Ra8+ Re8 42. Ra6 Re1 43. Ra8+ Re8 44. Ra6 Bd2 45. Kg3 Qe7 46. h4 Qe1+ 47. Kg2
Bxf4 48. Qf2 Qxf2+ 49. Kxf2 Rb8 50. Be2 b3 51. Bd3 b2 52. Bb1 c4 53. Rc6 Rb4 54.
Ke2 Be5 55. Rc8+ Kf7 56. Rc7+ Ke8 57. Rxh7 c3 58. Kd3 Rd4+ 59. Kc2 Rd2+ 60. Kb3
Bd4 61. Rh6 Rd1 62. Ka2 c2 63. Bxc2 Rc1 64. Bb1 Rc7 65. Rxg6 Ra7+ 66. Kb3 Rb7+
67. Kc4 Be5 68. h5 Rc7+ 69. Kb5 Rc1 70. Bxf5 b1=Q+ 71. Bxb1 Rxb1+ 72. Kc6 Rc1+
73. Kb7 Rb1+ 74. Ka6 Ra1+ 75. Kb5 Rb1+ 76. Kc4 Rc1+ 77. Kd3 Rc3+ 78. Ke4 Rc4+
79. Kf5 Rc5 80. Ke6 Rc7 81. Rg8# {DaudeAlexandre est échec et mat} 1-0

[Event "Tournament 14471 - Europe Echecs"]
[Site "Europe Echecs"]
[Date "2020.07.09"]
[Round "5"]
[Time "16:05:20"]
[PlyCount "163"]
[White "OkhanianGiorgi"]
[Black "LaouamriSamy"]
[WhiteElo "1490"]
[BlackElo "1669"]
[Mode "WEB"]
[Result "1-0"]

1. e4 e5 2. Nf3 Nc6 3. Bc4 Nf6 4. Ng5 d5 5. exd5 Na5 6. Bb5+ Bd7 7. Bxd7+ Qxd7
8. Nc3 Nxd5 9. Qf3 Nxc3 10. Qxc3 Nc6 11. O-O Bb4 12. Qb3 O-O 13. d3 a5 14. c3
Be7 15. Re1 h6 16. Nf3 Bd6 17. Be3 Kh8 18. Rad1 f5 19. d4 e4 20. Ne5 Qe8 21. f4
exf3 22. Nxf3 Qh5 23. Qxb7 Ne7 24. Qb5 Rfb8 25. Qe2 f4 26. Bf2 Nf5 27. Ne5 Qxe2
28. Rxe2 Kh7 29. Rde1 Ra6 30. g3 fxg3 31. hxg3 Rf8 32. g4 Ne7 33. c4 Bb4 34. Rd1
Ng6 35. Bg3 Nf4 36. Bxf4 Rxf4 37. c5 a4 38. a3 Ba5 39. Nc4 Rxg4+ 40. Rg2 Rxg2+
41. Kxg2 c6 42. Nxa5 Rxa5 43. Re1 Ra7 44. Re6 Rc7 45. Rd6 Kg8 46. Kf3 Kf7 47.
Ke4 h5 48. Kf5 g6+ 49. Rxg6 h4 50. Rh6 Rd7 51. Rh7+ Ke8 52. Rxh4 Rd5+ 53. Ke4
Kd7 54. Rh7+ Ke6 55. Rh6+ Kd7 56. Rf6 Rh5 57. Rf7+ Kd8 58. Ra7 Rh4+ 59. Kd3 Rh3+
60. Kc4 Rb3 61. Rxa4 Rxb2 62. Rb4 Ra2 63. a4 Kc7 64. Kb3 Rd2 65. a5 Rd1 66. Rb6
Rb1+ 67. Ka2 Rd1 68. Rb4 Rd2+ 69. Ka3 Rd1 70. Kb3 Rb1+ 71. Kc4 Ra1 72. d5 Rxa5
73. d6+ Kc8 74. Rb6 Ra4+ 75. Kb3 Rd4 76. Rxc6+ Kd7 77. Rc7+ Kd8 78. Rh7 Rd5 79.
Kc4 Rd1 80. Kb5 Rc1 81. c6 Rd1 {LaouamriSamy a abandonné} 1-0

[Event "Tournament 14471 - Europe Echecs"]
[Site "Europe Echecs"]
[Date "2020.07.09"]
[Round "5"]
[Time "16:05:20"]
[PlyCount "160"]
[White "VilleneuveRobi"]
[Black "FondratJohan"]
[WhiteElo "1662"]
[BlackElo "1509"]
[Mode "WEB"]
[Result "1-0"]

1. e4 c5 2. d4 cxd4 3. c3 d5 4. exd5 Qxd5 5. cxd4 Nc6 6. Nf3 Bg4 7. Nc3 Qa5 8.
Be3 Nf6 9. Be2 e6 10. Qc2 Be7 11. O-O O-O 12. Rac1 Rfd8 13. Rfd1 Rac8 14. Ne4
Nxe4 15. Qxe4 Bf5 16. Qf4 Qxa2 17. Rd2 Bb4 18. Rdd1 Bd6 19. Qg5 Be7 20. Qf4 Qxb2
21. Bf1 Qa3 22. d5 Nb8 23. dxe6 Bxe6 24. Rxd8+ Rxd8 25. Qc7 b6 26. Nd4 Rc8 27.
Qxc8+ Bxc8 28. Rxc8+ Bf8 29. Rxb8 h6 30. Nb5 Qa1 31. Bf4 a6 32. Nc7 Qd4 33. Bg3
h5 34. h4 a5 35. Nb5 Qb4 36. Bd6 Qb1 37. Rxf8+ Kh7 38. Rxf7 Kg6 39. Rf3 a4 40.
Nc3 Qa1 41. Nxa4 Kh7 42. Nxb6 Qa5 43. Bd3+ Kh6 44. Bf4+ g5 45. Bxg5+ Kg7 46. Nc4
Qa1+ 47. Kh2 Qa8 48. Bf4 Qb7 49. Be5+ Kg8 50. Nd6 Qe7 51. Bc4+ Kh7 52. Rf7+ Qxf7
53. Bxf7 Kh6 54. Bxh5 Kh7 55. Kh3 Kh6 56. g4 Kh7 57. g5 Kg8 58. Bd1 Kh7 59. Bf3
Kg8 60. Bh1 Kh7 61. Bh2 Kg6 62. Kg4 Kh7 63. f4 Kg6 64. f5+ Kh7 65. g6+ Kh6 66.
h5 Kg7 67. Kg5 Kh8 68. f6 Kg8 69. f7+ Kf8 70. h6 Ke7 71. g7 Ke6 72. f8=Q Kd7 73.
Qe8+ Kc7 74. Qc8+ Kb6 75. Nc4+ Kb5 76. Ne5 Kb4 77. Qc4+ Ka5 78. Qb3 Ka6 79. Nc4
Ka7 80. Qb6# {FondratJohan est échec et mat} 1-0

[Event "Tournament 14471 - Europe Echecs"]
[Site "Europe Echecs"]
[Date "2020.07.09"]
[Round "5"]
[Time "16:05:20"]
[PlyCount "44"]
[White "DruonThibault"]
[Black "GuichonPaul"]
[WhiteElo "1644"]
[BlackElo "1486"]
[Mode "WEB"]
[Result "1-0"]

1. d4 g6 2. c4 Bg7 3. Nc3 d6 4. e4 Nd7 5. f3 e5 6. d5 Ne7 7. Be3 O-O 8. Qd2 f5
9. O-O-O a6 10. Bh6 f4 11. Bxg7 Kxg7 12. g3 b5 13. cxb5 axb5 14. Bxb5 Ba6 15.
Bxa6 Rxa6 16. Nge2 Nc5 17. gxf4 Rxa2 18. Kb1 Nb3 19. Qe3 Qa8 20. Nxa2 Nc5 21.
fxe5 dxe5 22. Qxc5 {GuichonPaul a abandonné} 1-0

[Event "Tournament 14471 - Europe Echecs"]
[Site "Europe Echecs"]
[Date "2020.07.09"]
[Round "5"]
[Time "16:05:20"]
[PlyCount "78"]
[White "MorenoChabotCl"]
[Black "ChaumetEtienne"]
[WhiteElo "1476"]
[BlackElo "1639"]
[Mode "WEB"]
[Result "1-0"]

1. d4 Nf6 2. c4 e6 3. Nf3 Bb4+ 4. Bd2 Bxd2+ 5. Nbxd2 c5 6. dxc5 Qa5 7. e3 Qxc5
8. Nb3 Qc7 9. Be2 Nc6 10. O-O O-O 11. Rc1 b6 12. c5 Bb7 13. cxb6 axb6 14. a3
Rac8 15. Bb5 d5 16. Nbd4 Qd6 17. Bxc6 Bxc6 18. Qb3 Bd7 19. h3 e5 20. Nb5 Bxb5
21. Qxb5 Nd7 22. Rfd1 e4 23. Nd4 Nc5 24. b4 Nd3 25. Rc6 Rxc6 26. Nxc6 Rc8 27.
Nd4 Qf6 28. Rf1 h6 29. Qxd5 Nxf2 30. Qf5 Qxf5 31. Nxf5 Rc3 32. Rxf2 Rxa3 33. Rb2
g6 34. Ne7+ Kf8 35. Nd5 b5 36. Kf2 f5 37. Nc7 Kf7 38. Nxb5 Ke6 39. Nxa3 {ChaumetEtienne a abandonné} 1-0

[Event "Tournament 14471 - Europe Echecs"]
[Site "Europe Echecs"]
[Date "2020.07.09"]
[Round "5"]
[Time "16:05:20"]
[PlyCount "60"]
[White "MaziarzPierre"]
[Black "BousmahaLeila"]
[WhiteElo "1424"]
[BlackElo "1638"]
[Mode "WEB"]
[Result "1-0"]

1. d4 d5 2. c4 Bf5 3. cxd5 Bxb1 4. Qa4+ c6 5. dxc6 Nxc6 6. Rxb1 Qxd4 7. Qxd4
Nxd4 8. e3 Nc6 9. Nf3 e6 10. Bb5 Bb4+ 11. Bd2 Bxd2+ 12. Kxd2 O-O-O+ 13. Ke2 Nb4
14. Rbc1+ Kb8 15. Ne5 Nf6 16. Nxf7 Rhf8 17. Nxd8 Rxd8 18. Bc4 Ne4 19. Rhd1 Rf8
20. f3 Nc5 21. a3 Nc6 22. b4 Na4 23. Bb5 Nb6 24. Bxc6 bxc6 25. Rxc6 e5 26. Rc5
Na4 27. Rcc1 Rf7 28. Rd8+ Kb7 29. Re8 Rf5 30. Re7+ {BousmahaLeila a abandonné} 1-0

[Event "Tournament 14471 - Europe Echecs"]
[Site "Europe Echecs"]
[Date "2020.07.09"]
[Round "5"]
[Time "16:05:20"]
[PlyCount "102"]
[White "ChouvaevKominD"]
[Black "PorsoughyanEri"]
[WhiteElo "1637"]
[BlackElo "1474"]
[Mode "WEB"]
[Result "1-0"]

1. e4 e6 2. d4 d5 3. Nc3 Nf6 4. Bg5 Be7 5. e5 Nfd7 6. Bxe7 Qxe7 7. f4 c5 8. Nb5
Nb6 9. Nd6+ Kf8 10. Nf3 cxd4 11. Nxd4 Bd7 12. c3 Bc6 13. Bb5 a6 14. Bd3 N8d7 15.
O-O Nc8 16. Nxc6 bxc6 17. Nxc8 Rxc8 18. Kh1 Nc5 19. Qe2 Nxd3 20. Qxd3 a5 21. Qa6
Qc7 22. Qd3 Ke7 23. Qg3 g6 24. Qg5+ Kd7 25. Qf6 Rcf8 26. b3 Qd8 27. Qxd8+ Rxd8
28. Rad1 Ke7 29. Kg1 c5 30. Rd2 Ra8 31. Rb1 Rhb8 32. Rdb2 Ra7 33. a3 Rab7 34.
Kf2 f6 35. exf6+ Kxf6 36. g4 h6 37. Ke3 g5 38. fxg5+ Kxg5 39. Kf3 Rg8 40. Kg3
Rf8 41. h4+ Kg6 42. b4 cxb4 43. cxb4 Rfb8 44. b5 Rb6 45. a4 Rc8 46. Rf2 Rc5 47.
Rbf1 Rc3+ 48. Rf3 Rc4 49. Rf7 e5 50. h5+ Kg5 51. R1f5# {PorsoughyanEri est échec et mat} 1-0

[Event "Tournament 14471 - Europe Echecs"]
[Site "Europe Echecs"]
[Date "2020.07.09"]
[Round "5"]
[Time "16:05:20"]
[PlyCount "70"]
[White "MenouxJoachim"]
[Black "ThibousLeo"]
[WhiteElo "1627"]
[BlackElo "1380"]
[Mode "WEB"]
[Result "1-0"]

1. d4 Nf6 2. c4 g6 3. Nc3 Bg7 4. e4 d6 5. Nf3 Nbd7 6. Be2 O-O 7. O-O e5 8. d5
Qe7 9. Ne1 Nc5 10. f3 Ne8 11. Be3 b6 12. b4 Nb7 13. Nd3 f5 14. Na4 f4 15. Bf2 g5
16. c5 bxc5 17. bxc5 h5 18. cxd6 Nbxd6 19. Bc5 Nf6 20. Nb4 Bd7 21. Nc6 Qf7 22.
Nxe5 Qe8 23. Nxd7 Qxd7 24. e5 Nb7 25. Bxf8 Nxd5 26. Bxg7 Kxg7 27. Bc4 c6 28. Nc3
Rd8 29. Ne4 Qf5 30. Qb3 Ne3 31. Qxb7+ Kg6 32. Qxc6+ Kh7 33. Nf6+ Kg6 34. Ng4+
Kh7 35. Qh6# {ThibousLeo est échec et mat} 1-0

[Event "Tournament 14471 - Europe Echecs"]
[Site "Europe Echecs"]
[Date "2020.07.09"]
[Round "5"]
[Time "16:05:20"]
[PlyCount "119"]
[White "EboueYuri"]
[Black "GignouxPezzett"]
[WhiteElo "1304"]
[BlackElo "1605"]
[Mode "WEB"]
[Result "0-1"]

1. e4 e5 2. Nf3 Nc6 3. d4 d6 4. dxe5 Bg4 5. Be2 dxe5 6. h3 Be6 7. Nc3 Nf6 8. Bg5
Be7 9. Bb5 h6 10. Bh4 Nd7 11. Bxe7 Qxe7 12. Nd5 Bxd5 13. exd5 Qb4+ 14. Qd2 Qxb5
15. dxc6 Qxc6 16. Rd1 Qe4+ 17. Kf1 O-O-O 18. Re1 Qc6 19. Qe3 Qa6+ 20. Kg1 Rhe8
21. a3 Kb8 22. Qb3 Qa5 23. Rd1 f6 24. Kh2 Nb6 25. Nh4 Qc5 26. f3 Qf8 27. Ng6 Qg8
28. Qb5 Qf7 29. Nh4 g5 30. Nf5 a6 31. Qb4 Qh7 32. Ne3 Qf7 33. Ng4 h5 34. Ne3 f5
35. g4 hxg4 36. fxg4 fxg4 37. Nxg4 Rh8 38. Rhf1 Qh5 39. Rxd8+ Rxd8 40. Nxe5 Qe2+
41. Kg1 Qxe5 42. Re1 Qg3+ 43. Kf1 Qxh3+ 44. Kg1 Qg3+ 45. Kf1 Nd5 46. Qd4 Qh3+
47. Kg1 Qg3+ 48. Kf1 Rf8+ 49. Ke2 Nf4+ 50. Kd2 Qg2+ 51. Kd1 Qf3+ 52. Kd2 Kc8 53.
Qg7 Rd8+ 54. Kc1 Ne2+ 55. Kb1 Nf4 56. Qxg5 Rd1+ 57. Rxd1 Qxd1+ 58. Ka2 Qd5+ 59.
Kb1 Qxg5 {EboueYuri a abandonné} 0-1

[Event "Tournament 14471 - Europe Echecs"]
[Site "Europe Echecs"]
[Date "2020.07.09"]
[Round "5"]
[Time "16:05:20"]
[PlyCount "70"]
[White "RoumeguereGabi"]
[Black "BerezovskyFior"]
[WhiteElo "1365"]
[BlackElo "1646"]
[Mode "WEB"]
[Result "1-0"]

1. e4 c5 2. Nf3 e6 3. d4 cxd4 4. Nxd4 a6 5. Nc3 Qc7 6. Be3 Nf6 7. f3 b5 8. Qd2
Bb7 9. Be2 Bb4 10. O-O O-O 11. Qd3 Bxc3 12. bxc3 d5 13. exd5 Nxd5 14. Bd2 Nc6
15. Nxc6 Bxc6 16. c4 bxc4 17. Qxc4 Qa7+ 18. Kh1 Rfc8 19. Qg4 Nf6 20. Qg3 Kh8 21.
Bd3 Bb5 22. f4 Bxd3 23. Qxd3 Rd8 24. Qe3 Qc7 25. Rac1 Rd5 26. c4 Rc5 27. Qc3 Ne4
28. Qf3 Rxc4 29. Rxc4 Qxc4 30. Re1 f5 31. Rc1 Qd5 32. Bc3 Nxc3 33. Qxc3 Qxa2 34.
Qc8+ Rxc8 35. Rxc8# {BerezovskyFior est échec et mat} 1-0

[Event "Tournament 14471 - Europe Echecs"]
[Site "Europe Echecs"]
[Date "2020.07.09"]
[Round "5"]
[Time "16:05:20"]
[PlyCount "63"]
[White "MaisonhauteLel"]
[Black "DupuisEsteban"]
[WhiteElo "1603"]
[BlackElo "1234"]
[Mode "WEB"]
[Result "0-1"]

1. e4 d5 2. exd5 Qxd5 3. Nc3 Qa5 4. Nf3 Bg4 5. Be2 c6 6. h3 Bh5 7. O-O Nf6 8. d3
Qc7 9. Be3 e6 10. Qd2 Bd6 11. Ng5 Bxe2 12. Qxe2 h6 13. Nge4 Nxe4 14. Nxe4 Be7
15. Bd4 e5 16. Bc3 Nd7 17. f4 O-O-O 18. fxe5 Nxe5 19. Nd2 Ng6 20. Rxf7 Bc5+ 21.
Rf2 Bxf2+ 22. Qxf2 Rhf8 23. Qe3 Rde8 24. Qd4 Qe5 25. Qxa7 Qe3+ 26. Kh1 Qxa7 27.
Bxg7 Rg8 28. Bxh6 Nh4 29. Rg1 Qf2 30. Ne4 Rxe4 31. dxe4 Rxg2 {MaisonhauteLel a abandonné} 0-1